| 000 | 01240cam a2200373 i 4500 | ||
|---|---|---|---|
| 999 |
_c7321 _d7321 |
||
| 001 | .b74366300 | ||
| 003 | OSt | ||
| 005 | 20240612125130.0 | ||
| 008 | 200728e202003 spc|||| |||| 0|0 0 spa| | ||
| 015 |
_aLL2020 _2bnc |
||
| 017 |
_aDL B 2669-2020 _bBiblioteca de Catalunya |
||
| 020 | _a9788433926227 | ||
| 035 | _a(OCoLC)1224071604 | ||
| 040 |
_aES-BaUAB _bcat _erda _cES-BaUAB _dES-BaBC |
||
| 080 |
_a32 _x(536.5) _22004 |
||
| 080 |
_a323.1 _x(536.5) _22004 |
||
| 080 |
_a910.4 _x(536.5) _22004 |
||
| 100 | 1 | _aSánchez Mediavilla, Emilio, | |
| 245 | 1 | 4 |
_aUna Dacha en el Golfo / _cEmilio Sánchez Mediavilla |
| 264 | 1 |
_aBarcelona : _bAnagrama, _c2020 |
|
| 300 |
_a202 pàgines ; _c22 cm |
||
| 490 | 1 |
_aCrónicas Anagrama ; _v120 |
|
| 504 | _aBibliografia | ||
| 586 | 8 | _a1r Premi Anagrama de Crónica Sergio González Rodríguez, 2019 | |
| 650 | 7 |
_aXiïtes _zBahrain _2lemac |
|
| 650 | 7 |
_aSunnites _zBahrain _2lemac |
|
| 651 | 7 |
_aBahrain _xPolítica i govern _2lemac |
|
| 651 | 7 |
_aBahrain _xDescripcions i viatges _2lemac |
|
| 651 | 7 |
_aBahrain _xRelacions ètniques _2lemac |
|
| 830 | 0 |
_aCrónicas Anagrama ; _v120 |
|
| 907 |
_a.b74366300 _b18-02-21 _c28-07-20 _d01-10-20 _em _fa _g- _hspa _ispc _j0 _k0 |
||
| 940 | _aBC | ||
| 942 |
_2udc _cMON |
||